Historia de un conflicto : México - España, el tesoro del Vita /
Análisis de las relaciones mexicano-españolas desde 1910, año de inicio de la Revolución Mexicana, hasta 1975, antes de la muerte del dictador Francisco Franco, reeditado posteriormente en una versión ampliada con el título "Historia de dos orgullos".
Gorde:
| Egile nagusia: | |
|---|---|
| Formatua: | Liburua |
| Hizkuntza: | gaztelania |
| Argitaratua: |
Madrid, España :
CVS,
1975, c1975
|
| Saila: | (Ateneo CVS ;
9) |
| Gaiak: | |
| Etiketak: |
Etiketarik gabe, Izan zaitez lehena erregistro honi etiketa jartzen!
|
MARC
| LEADER | 00000nam^a2200000^a^4500 | ||
|---|---|---|---|
| 001 | 000101223 | ||
| 005 | 20250521000000.0 | ||
| 009 | 20260310093229.273 | ||
| 020 | |a 84-354-0039-5 | ||
| 037 | |a Acervo ITESO - Biblioteca | ||
| 041 | |a ESP | ||
| 082 | |a 327. 72046 |b FUE | ||
| 100 | |a Fuentes Mares, José |e (autor) | ||
| 240 | 1 | 1 | |a [Historia de dos orgullos] |
| 245 | 1 | 0 | |a Historia de un conflicto : |b México - España, el tesoro del Vita / |c J. Fuentes Mares. |
| 264 | 4 | |a Madrid, España : |b CVS, |c 1975, c1975 | |
| 300 | |a 223 p. | ||
| 336 | |a texto |b txt |2 rdacontenido | ||
| 337 | |a sin mediación |b n |2 rdamedio | ||
| 338 | |a volumen |b nc |2 rdasoporte | ||
| 440 | 1 | |a (Ateneo CVS ; |v 9) | |
| 520 | |a Análisis de las relaciones mexicano-españolas desde 1910, año de inicio de la Revolución Mexicana, hasta 1975, antes de la muerte del dictador Francisco Franco, reeditado posteriormente en una versión ampliada con el título "Historia de dos orgullos". | ||
| 649 | |a XX | ||
| 650 | |a Exilio Español en México | ||
| 650 | |a Refugiados Políticos Españoles | ||
| 650 | |a Refugiados Políticos - |z México | ||
| 650 | |a Política Exterior - |z México - |x Historia | ||
| 650 | |a Relaciones Internacionales - |z México-España - |x Historia | ||
| 650 | |a Política - |z México - |x Historia - |y Siglo XX | ||
| 650 | |a Política - |z España - |x Historia - |y Siglo XX | ||
| 650 | |a México - |x Historia - |y 1910-1946 | ||
| 650 | |a México - |x Historia - |y 1946-2000 | ||
| 650 | |a México - |x Historia - |y Siglo XX | ||
| 650 | |a España - |x Historia - |y República, 1931-1939 | ||
| 650 | |a España - |x Historia - |y Franquismo, 1939-1975 | ||
| 650 | |a España - |x Historia - |y Siglo XX | ||
| 910 | |a Fondo Salvador Reynoso Reynoso | ||
| 920 | |a Impresos - Libros | ||
| 930 | |a Fondos Especiales | ||
| 905 | |a 112 | ||
| 901 | |a 0500036846 |b IT2 |c ESP |u 20250521 | ||
| 901 | |a 0800006179 |b IT2 |c ESP |u 20250521 | ||
| 902 | |a https://opac.biblio.iteso.mx/vufind/Record/000101223 | ||